[Event "Ïåðâåíñòâî Ìîñêâû ïî øàõìàòàì"]
[Site "Ìîñêâà, ÌÃÈÌÎ ïð. Âåðíàäñêîãî,"]
[Date "2018.11.19"]
[Round "3.3"]
[White "Gaer, Margarita"]
[Black "Zvereva, Margarita"]
[Result "0-1"]
[WhiteElo "1672"]
[BlackElo "1787"]
[PlyCount "68"]
[EventDate "2018.11.18"]

1. d4 d5 2. Nf3 Nf6 3. e3 e6 4. Bd3 Be7 5. O-O O-O 6. b3 b6 7. Bb2 Bb7 8. Nbd2
Nbd7 9. c4 c5 10. Rc1 Rc8 11. Qe2 cxd4 12. exd4 Rc7 13. Rfe1 Qb8 14. Ne5 dxc4
15. Bxc4 Bd5 16. Bxd5 Nxd5 17. Nc6 Qe8 18. Nxe7+ Qxe7 19. Rxc7 Nxc7 20. Rc1 Nf6
21. Nc4 Rd8 22. Ne5 Ra8 23. Qc4 Nfd5 24. h3 h6 25. Qe2 Nf4 26. Qg4 Ncd5 27. Rc6
f6 28. Ng6 Qe8 29. Nxf4 Qxc6 30. Nxe6 Qd7 31. Qf5 Re8 32. Nxg7 Re1+ 33. Kh2
Qd6+ 34. g3 Kxg7 0-1

[Event "Ïåðâåíñòâî Ìîñêâû ïî øàõìàòàì"]
[Site "Ìîñêâà, ÌÃÈÌÎ ïð. Âåðíàäñêîãî,"]
[Date "2018.11.19"]
[Round "3.4"]
[White "Pasegyan, Kseniya"]
[Black "Ochirova, Anita"]
[Result "0-1"]
[WhiteElo "1533"]
[BlackElo "1554"]
[PlyCount "58"]
[EventDate "2018.11.18"]

1. d4 d5 2. c4 e6 3. Nc3 Nf6 4. cxd5 exd5 5. Nf3 Be7 6. Bg5 c6 7. e3 O-O 8. Bd3
Nbd7 9. O-O Re8 10. Nd2 Nf8 11. Qc2 a5 12. a3 Bd7 13. f3 h6 14. Bh4 Ne6 15. Nb3
Qc7 16. Bg3 Bd6 17. Bxd6 Qxd6 18. Ne2 b6 19. Rad1 Ng5 20. h4 Ne6 21. e4 dxe4
22. fxe4 Ng4 23. e5 Qe7 24. Rf3 Qxh4 25. Ng3 Qh2+ 26. Kf1 Ng5 27. Qe2 Nxf3 28.
Qxf3 Qh4 29. Ke2 Nxe5 0-1

[Event "Ïåðâåíñòâî Ìîñêâû ïî øàõìàòàì"]
[Site "Ìîñêâà, ÌÃÈÌÎ ïð. Âåðíàäñêîãî,"]
[Date "2018.11.19"]
[Round "3.8"]
[White "Soblirova, Sabina"]
[Black "Mayorova, Varvara"]
[Result "1-0"]
[WhiteElo "1412"]
[BlackElo "1294"]
[PlyCount "63"]
[EventDate "2018.11.18"]

1. d4 d5 2. c4 c6 3. Nf3 Nf6 4. Qc2 dxc4 5. e4 b5 6. b3 cxb3 7. axb3 e6 8. Bd2
Be7 9. Ba5 Qd7 10. g3 O-O 11. Bg2 b4 12. Nbd2 Ba6 13. Nc4 c5 14. dxc5 Bxc5 15.
O-O Rc8 16. Rfd1 Qb5 17. Ng5 h6 18. e5 Nd5 19. Qh7+ Kf8 20. Ne4 Nc6 21. Qh8+
Ke7 22. Qxg7 Rg8 23. Qxh6 Bd4 24. Nf6 Rg6 25. Nxd5+ exd5 26. Qh4+ Kf8 27. Rxd4
Nxd4 28. Qxd4 Bb7 29. Nd6 Qd7 30. Nxb7 Qxb7 31. Bxd5 Qd7 32. Qxb4+ 1-0

[Event "Ïåðâåíñòâî Ìîñêâû ïî øàõìàòàì"]
[Site "Ìîñêâà, ÌÃÈÌÎ ïð. Âåðíàäñêîãî,"]
[Date "2018.11.19"]
[Round "3.9"]
[White "Anchikova, Ol'ga"]
[Black "Osipchyuk, Lidiya"]
[Result "1-0"]
[WhiteElo "1341"]
[BlackElo "1154"]
[PlyCount "93"]
[EventDate "2018.11.18"]

1. d4 d5 2. Nf3 e6 3. c3 Nf6 4. Bg5 Be7 5. e3 O-O 6. Bd3 b6 7. O-O Bb7 8. Nbd2
Ne4 9. Bxe7 Qxe7 10. Ne5 Nd7 11. Ndf3 c5 12. Re1 Nxe5 13. Nxe5 Qh4 14. Qe2 f5
15. f3 Nf6 16. b3 Rad8 17. Rac1 Nd7 18. Nxd7 Rxd7 19. Bb5 Rd6 20. Bd3 Rf6 21.
Qf2 Qxf2+ 22. Kxf2 a5 23. a3 Bc6 24. dxc5 bxc5 25. Red1 Rd8 26. c4 d4 27. exd4
Rxd4 28. Be2 e5 29. Rxd4 exd4 30. Bd3 g6 31. Re1 Bb7 32. Re5 Rc6 33. g4 f4 34.
g5 Rb6 35. Bc2 Rc6 36. Re4 d3 37. Bd1 Rd6 38. Rxf4 Re6 39. Rf6 Re5 40. h4 d2
41. Rd6 Re1 42. Rxd2 Rh1 43. Kg2 Re1 44. Be2 Bc6 45. Kf2 Rh1 46. Rd6 Be8 47.
Rd5 1-0

[Event "Ïåðâåíñòâî Ìîñêâû ïî øàõìàòàì"]
[Site "Ìîñêâà, ÌÃÈÌÎ ïð. Âåðíàäñêîãî,"]
[Date "2018.11.19"]
[Round "3.10"]
[White "Kir'yanova, Evgeniya"]
[Black "Lobanova, Milana"]
[Result "0-1"]
[WhiteElo "1214"]
[BlackElo "1461"]
[PlyCount "104"]
[EventDate "2018.11.18"]

1. c4 e6 2. Nc3 f5 3. g3 d5 4. cxd5 exd5 5. d4 Nf6 6. Bg2 c6 7. Nf3 Bd6 8. O-O
O-O 9. Rb1 h6 10. b4 Be6 11. e3 Nbd7 12. b5 Ne4 13. Nxe4 dxe4 14. Nd2 Bxa2 15.
Ra1 Bd5 16. bxc6 Bxc6 17. Nc4 Be7 18. Ba3 Bxa3 19. Rxa3 Bb5 20. Qb3 Bxc4 21.
Qxc4+ Kh8 22. Qd5 Qc7 23. f3 Nb6 24. Qc5 Qxc5 25. dxc5 Nc4 26. Rc3 Nd2 27. Rf2
Nxf3+ 28. Bxf3 exf3 29. Rxf3 Rac8 30. Rb3 Rxc5 31. Rxb7 Ra8 32. Rf1 a5 33. Ra1
a4 34. Ra3 Rc4 35. h4 Rd8 36. Kf2 Ra8 37. h5 Rc2+ 38. Kf3 Rh2 39. Rb4 Rxh5 40.
Raxa4 Rxa4 41. Rxa4 Rg5 42. Ra5 Kh7 43. Ra6 Rg6 44. Ra5 Rf6 45. e4 fxe4+ 46.
Kxe4 Re6+ 47. Kf5 Rf6+ 48. Kg4 Rb6 49. Kh5 g6+ 50. Kh4 Rb4+ 51. g4 h5 52. Kg5
Rxg4+ 0-1

[Event "Ïåðâåíñòâî Ìîñêâû ïî øàõìàòàì"]
[Site "Ìîñêâà, ÌÃÈÌÎ ïð. Âåðíàäñêîãî,"]
[Date "2018.11.19"]
[Round "3.11"]
[White "Platuchikhina, Dar'ya"]
[Black "Pobedimova, Anastasiya"]
[Result "1-0"]
[WhiteElo "1226"]
[BlackElo "1192"]
[PlyCount "61"]
[EventDate "2018.11.18"]

1. e4 e6 2. d4 d5 3. Nc3 Bb4 4. e5 c5 5. Nf3 Nc6 6. Bb5 Nge7 7. Bg5 Bd7 8. Bxc6
Bxc6 9. O-O O-O 10. Qe2 cxd4 11. Nxd4 Bxc3 12. bxc3 Qc7 13. f4 Ng6 14. Rae1 h6
15. f5 exf5 16. Bc1 Bd7 17. Nxf5 Qxc3 18. Nd6 b6 19. Rxf7 Be6 20. Rff1 Ne7 21.
Nb5 Qc5+ 22. Kh1 Nf5 23. Ba3 Qc6 24. Bxf8 Rxf8 25. Nxa7 Qa4 26. Nb5 Qxa2 27.
Nc7 Bc8 28. e6 Qa3 29. Nxd5 Nd4 30. Rxf8+ Qxf8 31. e7 1-0

[Event "Ïåðâåíñòâî Ìîñêâû ïî øàõìàòàì"]
[Site "Ìîñêâà, ÌÃÈÌÎ ïð. Âåðíàäñêîãî,"]
[Date "2018.11.19"]
[Round "3.12"]
[White "Dvoeglazova, Dar'ya"]
[Black "Denchik, Alexandra"]
[Result "1/2-1/2"]
[WhiteElo "1247"]
[BlackElo "1228"]
[PlyCount "38"]
[EventDate "2018.11.18"]

1. e4 c5 2. Nc3 g6 3. g3 Nc6 4. d3 Bg7 5. Be3 d6 6. Bg2 Nf6 7. Qd2 Ng4 8. Bf4
Bd4 9. Nh3 Qb6 10. O-O-O Nb4 11. Kb1 Be6 12. a3 Na2 13. Ka1 Bxc3 14. bxc3 Qa5
15. Kb2 Qb5+ 16. Ka1 Qa4 17. Kb2 Qb5+ 18. Ka1 Qa4 19. Kb2 Qb5+ 1/2-1/2

[Event "Ïåðâåíñòâî Ìîñêâû ïî øàõìàòàì"]
[Site "Ìîñêâà, ÌÃÈÌÎ ïð. Âåðíàäñêîãî,"]
[Date "2018.11.19"]
[Round "3.13"]
[White "Pekhoto, Alexandra"]
[Black "Vorovitskaya, Anastasiya"]
[Result "1-0"]
[WhiteElo "1150"]
[BlackElo "1256"]
[PlyCount "37"]
[EventDate "2018.11.18"]

1. e4 e5 2. Nf3 Nc6 3. d4 exd4 4. Nxd4 Bc5 5. Nxc6 bxc6 6. Bd3 h6 7. Qf3 Qf6 8.
Nc3 Bd4 9. Bd2 Qxf3 10. gxf3 Nf6 11. Rg1 g6 12. Na4 Rg8 13. Bxh6 d5 14. Bf4 Kd8
15. c3 Bb6 16. Nxb6 cxb6 17. Bg5 dxe4 18. Bxf6+ Kc7 19. fxe4 1-0

[Event "Ïåðâåíñòâî Ìîñêâû ïî øàõìàòàì"]
[Site "Ìîñêâà, ÌÃÈÌÎ ïð. Âåðíàäñêîãî,"]
[Date "2018.11.19"]
[Round "3.14"]
[White "Bakhtina, Anastasiya"]
[Black "Prokhina, Ul'yana"]
[Result "1/2-1/2"]
[WhiteElo "1405"]
[BlackElo "1249"]
[PlyCount "103"]
[EventDate "2018.11.18"]

1. d4 d5 2. Bg5 Bf5 3. c4 c6 4. Nc3 Nf6 5. Bxf6 exf6 6. Qb3 Qd7 7. cxd5 cxd5 8.
e3 Be6 9. Bb5 Nc6 10. Nge2 Be7 11. Nf4 Rd8 12. Rc1 a6 13. Be2 O-O 14. Bf3 Na5
15. Qa4 Qxa4 16. Nxa4 Bb4+ 17. Nc3 Nc4 18. a3 Bxc3+ 19. Rxc3 Nxb2 20. Rb3 Nc4
21. Rxb7 Nxa3 22. O-O Nc4 23. Be2 Rb8 24. Rfb1 Rxb7 25. Rxb7 Ra8 26. Bxc4 dxc4
27. d5 Bf5 28. Rc7 Rc8 29. d6 Rxc7 30. dxc7 c3 31. Ne2 c2 32. Kf1 Kf8 33. Ke1
Ke7 34. Kd2 Kd7 35. Nd4 Bg6 36. f3 c1=Q+ 37. Kxc1 Bd3 38. Kd2 Bf1 39. g4 Kxc7
40. Nf5 g6 41. Nh6 Bc4 42. Kc3 Be6 43. e4 a5 44. h3 Kd6 45. f4 Kc5 46. f5 Bc4
47. Ng8 Bf1 48. h4 gxf5 49. exf5 Bh3 50. Nxf6 a4 51. Nxh7 Bxg4 52. f6 1/2-1/2

[Event "Ïåðâåíñòâî Ìîñêâû ïî øàõìàòàì"]
[Site "Ìîñêâà, ÌÃÈÌÎ ïð. Âåðíàäñêîãî,"]
[Date "2018.11.20"]
[Round "4.1"]
[White "Kirchei, Viktoriia"]
[Black "Zvereva, Margarita"]
[Result "1-0"]
[WhiteElo "2002"]
[BlackElo "1787"]
[PlyCount "61"]
[EventDate "2018.11.18"]

1. e4 d6 2. d4 Nf6 3. Nc3 e5 4. Nf3 Nbd7 5. Bc4 Be7 6. O-O O-O 7. h3 c6 8. a4
Nxe4 9. Nxe4 d5 10. Ng3 dxc4 11. dxe5 Nc5 12. Qe2 b5 13. a5 Ne6 14. Rd1 Qc7 15.
Nf5 Bb4 16. Bd2 Bxd2 17. Qxd2 Rd8 18. Qb4 Ba6 19. Qe7 c5 20. Qxc7 Nxc7 21. Rd6
g6 22. Rad1 Ne6 23. Nh6+ Kg7 24. Nxf7 Rxd6 25. Nxd6 Kf8 26. Ne4 h6 27. Rd7 Bc8
28. Rh7 Nd4 29. Nh4 Ke8 30. Nxg6 Nxc2 31. e6 1-0

[Event "Ïåðâåíñòâî Ìîñêâû ïî øàõìàòàì"]
[Site "Ìîñêâà, ÌÃÈÌÎ ïð. Âåðíàäñêîãî,"]
[Date "2018.11.20"]
[Round "4.2"]
[White "Ochirova, Anita"]
[Black "Kasaeva, Sofiia"]
[Result "0-1"]
[WhiteElo "1554"]
[BlackElo "1874"]
[PlyCount "72"]
[EventDate "2018.11.18"]

1. Nf3 d5 2. g3 Nf6 3. Bg2 c6 4. d3 Bf5 5. O-O e6 6. Nbd2 h6 7. Re1 Be7 8. b3
O-O 9. Bb2 a5 10. a4 Na6 11. e4 Bh7 12. e5 Nd7 13. h3 Nb4 14. Nf1 b5 15. Nd4
Qb6 16. Nd2 Nc5 17. axb5 cxb5 18. Bc3 Nd7 19. N2f3 Rfc8 20. Qd2 Ra7 21. Rec1
Rac7 22. Ne2 Bc5 23. Bxb4 Bxb4 24. c3 Be7 25. h4 Nc5 26. Nfd4 Nxd3 27. Rd1 Nxe5
28. Qe3 Bf6 29. Rdc1 Nd3 30. Rd1 Nc5 31. Rd2 Ne4 32. Bxe4 Bxe4 33. f3 Bg6 34.
Rda2 Rxc3 35. Qf2 Bxd4 36. Nxd4 Rc1+ 0-1

[Event "Ïåðâåíñòâî Ìîñêâû ïî øàõìàòàì"]
[Site "Ìîñêâà, ÌÃÈÌÎ ïð. Âåðíàäñêîãî,"]
[Date "2018.11.20"]
[Round "4.3"]
[White "Mikhailina, Elena"]
[Black "Krupnova, Anna"]
[Result "1/2-1/2"]
[WhiteElo "1736"]
[BlackElo "1759"]
[PlyCount "74"]
[EventDate "2018.11.18"]

1. e4 c6 2. d4 d5 3. Nc3 dxe4 4. Nxe4 Nf6 5. Nxf6+ exf6 6. Nf3 Bd6 7. Be2 O-O
8. O-O Re8 9. Re1 Bf5 10. c3 Nd7 11. Be3 Nf8 12. Nh4 Be6 13. Bd3 Qc7 14. h3 g6
15. Nf3 Rad8 16. Qc2 Bc8 17. Nd2 Kg7 18. Kh1 f5 19. Nf3 f6 20. Rad1 Ne6 21. Bf1
f4 22. Bc1 Ng5 23. Nxg5 fxg5 24. f3 Bf5 25. Bd3 Qf7 26. b3 h5 27. Bxf5 gxf5 28.
Qf2 Kg6 29. Bd2 Bc7 30. Rxe8 Rxe8 31. Re1 Re7 32. Rxe7 Qxe7 33. Qf1 Qe6 34. Qe1
Kf6 35. Qf1 Kg6 36. Qe1 Kf6 37. Qf1 Kg6 1/2-1/2

[Event "Ïåðâåíñòâî Ìîñêâû ïî øàõìàòàì"]
[Site "Ìîñêâà, ÌÃÈÌÎ ïð. Âåðíàäñêîãî,"]
[Date "2018.11.20"]
[Round "4.4"]
[White "Lobanova, Milana"]
[Black "Gaer, Margarita"]
[Result "1/2-1/2"]
[WhiteElo "1461"]
[BlackElo "1672"]
[PlyCount "79"]
[EventDate "2018.11.18"]

1. d4 e6 2. Nf3 f5 3. c4 Nf6 4. Bf4 d5 5. Nc3 c6 6. e3 Be7 7. Bd3 O-O 8. O-O
Ne4 9. h3 Qe8 10. Ne5 g5 11. Bh2 Nd7 12. f3 Nxc3 13. bxc3 Nxe5 14. Bxe5 h5 15.
Qc2 Qg6 16. e4 Qh6 17. cxd5 cxd5 18. exf5 exf5 19. Rae1 Bd7 20. Qb3 Bc6 21. c4
Rad8 22. cxd5 Bxd5 23. Bc4 Qc6 24. Bxd5+ Qxd5 25. Qxd5+ Rxd5 26. Rc1 Bd6 27.
Bxd6 Rxd6 28. Rc7 Rf7 29. Rxf7 Kxf7 30. Rc1 Rxd4 31. Rc7+ Kf6 32. Rxb7 Ra4 33.
Rb2 Ke5 34. Rd2 Ra3 35. Kf2 Ke6 36. g3 Ke5 37. Kg2 Ke6 38. Kf2 Ke5 39. Kg2 Ke6
40. Kf2 1/2-1/2

[Event "Ïåðâåíñòâî Ìîñêâû ïî øàõìàòàì"]
[Site "Ìîñêâà, ÌÃÈÌÎ ïð. Âåðíàäñêîãî,"]
[Date "2018.11.20"]
[Round "4.5"]
[White "Vetokhina, Sofia"]
[Black "Anchikova, Olga"]
[Result "1-0"]
[WhiteElo "1595"]
[BlackElo "1341"]
[PlyCount "129"]
[EventDate "2018.11.18"]

1. d4 c5 2. d5 e5 3. c4 d6 4. Nc3 Be7 5. e4 Bg5 6. Be2 Nh6 7. h3 O-O 8. Nf3
Bxc1 9. Qxc1 f5 10. Qg5 Qxg5 11. Nxg5 Nf7 12. Nxf7 Rxf7 13. Nb5 Rd7 14. exf5 a6
15. Nc3 Rd8 16. g4 Nd7 17. Ne4 Nf6 18. f3 h6 19. O-O Rb8 20. b3 b5 21. Bd3 Kf7
22. Rae1 Rd7 23. f4 exf4 24. Rxf4 bxc4 25. Bxc4 Bb7 26. Nxf6 gxf6 27. Rfe4 Rg8
28. Kf2 Rh8 29. h4 Rg8 30. Kf3 Rh8 31. Kf4 Rg8 32. Rg1 Re7 33. Re6 Rd7 34. g5
fxg5+ 35. hxg5 hxg5+ 36. Rxg5 Rxg5 37. Kxg5 Bc8 38. Rh6 a5 39. Be2 Bb7 40. Rh7+
Ke8 41. Bh5+ Kd8 42. Rxd7+ Kxd7 43. Bg4 Ke7 44. Kg6 Kf8 45. Kf6 Bc8 46. Be2 Bd7
47. Bc4 Ke8 48. Ba6 Kf8 49. Bb7 Kg8 50. Bc6 Bc8 51. Be8 Kf8 52. Bh5 Bd7 53. Kg5
a4 54. Bd1 axb3 55. Bxb3 Bb5 56. a4 Ba6 57. Kf6 c4 58. Bc2 Bc8 59. a5 Ke8 60.
Kg7 Bb7 61. Be4 c3 62. f6 c2 63. f7+ Kd7 64. Bxc2 Bxd5 65. f8=Q 1-0

[Event "Ïåðâåíñòâî Ìîñêâû ïî øàõìàòàì"]
[Site "Ìîñêâà, ÌÃÈÌÎ ïð. Âåðíàäñêîãî,"]
[Date "2018.11.20"]
[Round "4.7"]
[White "Parsegyan, Kseniya"]
[Black "Soblirova, Sabina"]
[Result "1-0"]
[WhiteElo "1533"]
[BlackElo "1412"]
[PlyCount "77"]
[EventDate "2018.11.18"]

1. d4 Nf6 2. c4 c5 3. d5 b5 4. cxb5 a6 5. b6 g6 6. Nc3 d6 7. e4 Nfd7 8. Nf3 Bg7
9. a4 a5 10. Nb5 Nxb6 11. Ra3 Na6 12. Nd2 O-O 13. Nc4 Nb4 14. Nxb6 Qxb6 15. Bc4
Bd7 16. O-O f5 17. Re1 Bf6 18. f4 fxe4 19. g4 Bxb5 20. axb5 Bd4+ 21. Kh1 e5 22.
Rxe4 Rae8 23. f5 Qd8 24. Rh3 Qf6 25. Qe2 Re7 26. Rh6 Rg7 27. h4 Qf7 28. Bg5
gxf5 29. Rf6 Qd7 30. gxf5 Rxf6 31. Bxf6 Rg1+ 32. Kh2 Qxf5 33. Rxd4 cxd4 34.
Kxg1 Qxf6 35. Qg4+ Kf7 36. b6 Qd8 37. Qf5+ Ke8 38. Qe6+ Kf8 39. b7 1-0

[Event "Ïåðâåíñòâî Ìîñêâû ïî øàõìàòàì"]
[Site "Ìîñêâà, ÌÃÈÌÎ ïð. Âåðíàäñêîãî,"]
[Date "2018.11.20"]
[Round "4.9"]
[White "Zontova, Olga"]
[Black "Pekhoto, Aleksandra"]
[Result "1/2-1/2"]
[WhiteElo "1022"]
[BlackElo "1150"]
[PlyCount "80"]
[EventDate "2018.11.18"]

1. e4 e6 2. d4 d5 3. exd5 exd5 4. Nf3 Nf6 5. c4 dxc4 6. Bxc4 Bb4+ 7. Nc3 O-O 8.
O-O Nc6 9. Bg5 Be7 10. Re1 Bg4 11. h3 Bxf3 12. Qxf3 Nxd4 13. Qd3 Nc6 14. Bb5
Qxd3 15. Bxd3 a6 16. Ne4 Nxe4 17. Bxe7 Nxe7 18. Rxe4 Nc6 19. Rd1 Rfe8 20. Bc2
Rad8 21. Rxe8+ Rxe8 22. Rd7 Re7 23. Rxe7 Nxe7 24. Kf1 h6 25. Ke2 Kf8 26. Kd3
Ke8 27. Kd4 Nc6+ 28. Kc5 Ne5 29. Kd5 Nc6 30. Ba4 Kd7 31. Bxc6+ bxc6+ 32. Kc5 g5
33. b4 f5 34. f3 f4 35. Kd4 Kd6 36. Kc4 Ke6 37. Kc5 Kd7 38. Kc4 Kd6 39. Kd4 Ke6
40. Kc5 Kd7 1/2-1/2

[Event "Ïåðâåíñòâî Ìîñêâû ïî øàõìàòàì"]
[Site "Ìîñêâà, ÌÃÈÌÎ ïð. Âåðíàäñêîãî,"]
[Date "2018.11.20"]
[Round "4.12"]
[White "Pobedimova, Anastasija"]
[Black "Dvoeglazova, Daria"]
[Result "1-0"]
[WhiteElo "1192"]
[BlackElo "1247"]
[PlyCount "43"]
[EventDate "2018.11.18"]

1. e4 d5 2. exd5 Nf6 3. d4 Bg4 4. Nf3 Qxd5 5. Be2 Nc6 6. c3 O-O-O 7. O-O h5 8.
Qa4 Kb8 9. Bc4 Qf5 10. Nbd2 g5 11. Re1 h4 12. Ne5 Nxe5 13. Rxe5 Qg6 14. Nb3 Nh7
15. Nc5 e6 16. Nd7+ Kc8 17. Nxf8 Rhxf8 18. Qxa7 Qc2 19. Qa8+ Kd7 20. Bb5+ Kd6
21. Qa3+ c5 22. Qxc5# 1-0

[Event "Ïåðâåíñòâî Ìîñêâû ïî øàõìàòàì"]
[Site "Ìîñêâà, ÌÃÈÌÎ ïð. Âåðíàäñêîãî,"]
[Date "2018.11.20"]
[Round "4.13"]
[White "Denschik, Alexandra"]
[Black "Kirianova, Evgeniia"]
[Result "1-0"]
[WhiteElo "1228"]
[BlackElo "1214"]
[PlyCount "93"]
[EventDate "2018.11.18"]

1. c4 c5 2. g3 Nc6 3. Bg2 g6 4. e3 Bg7 5. Ne2 Nf6 6. Nbc3 O-O 7. O-O b6 8. d4
cxd4 9. Nxd4 Bb7 10. b3 e5 11. Ndb5 Na5 12. Nd6 Bxg2 13. Kxg2 Ne8 14. Nce4 Nxd6
15. Nxd6 Qc7 16. Ba3 Rfd8 17. Qd5 Qc6 18. b4 Qxd5+ 19. cxd5 Nc6 20. dxc6 dxc6
21. Nc4 Rd3 22. Bb2 f6 23. Rfd1 e4 24. Rxd3 exd3 25. Rd1 Rd8 26. Bd4 c5 27.
bxc5 bxc5 28. Bxc5 Rc8 29. Bxa7 Rxc4 30. Rxd3 Ra4 31. Rd8+ Kf7 32. Rd7+ Kg8 33.
Bd4 Rxa2 34. g4 Ra6 35. g5 h6 36. gxf6 Bxf6 37. Bxf6 Rxf6 38. Kg3 Rf7 39. Rxf7
Kxf7 40. Kf3 Ke6 41. Ke4 g5 42. h4 g4 43. Kf4 h5 44. Kg5 Ke5 45. Kxh5 Kf5 46.
e4+ Kxe4 47. Kxg4 1-0

[Event "Ïåðâåíñòâî Ìîñêâû ïî øàõìàòàì"]
[Site "Ìîñêâà, ÌÃÈÌÎ ïð. Âåðíàäñêîãî,"]
[Date "2018.11.20"]
[Round "4.14"]
[White "Vorovitskaya, Anastasia"]
[Black "Bakhtina, Anastasiya"]
[Result "1/2-1/2"]
[WhiteElo "1256"]
[BlackElo "1405"]
[PlyCount "90"]
[EventDate "2018.11.18"]

1. e4 e5 2. Nf3 Nc6 3. Nc3 Bb4 4. Bb5 d6 5. O-O Bg4 6. d3 Nge7 7. a3 Bxc3 8.
bxc3 O-O 9. h3 Bh5 10. Be3 h6 11. d4 d5 12. g4 dxe4 13. gxh5 exf3 14. Qxf3 exd4
15. Bxc6 dxe3 16. Bxb7 exf2+ 17. Rxf2 Rb8 18. Be4 Qd6 19. Rg2 g6 20. Kh1 Kh7
21. Rag1 Qxa3 22. Qf6 Qd6 23. hxg6+ fxg6 24. Bxg6+ Nxg6 25. Qxg6+ Qxg6 26. Rxg6
Rg8 27. Ra6 Ra8 28. Rxg8 Kxg8 29. Kg2 Kf7 30. Kf3 Ke7 31. Ke4 Kd7 32. Kd5 Rg8
33. Rxh6 Rg3 34. Kc4 Kc8 35. h4 Kb7 36. Kb3 a5 37. Re6 a4+ 38. Kb2 a3+ 39. Kxa3
Rxc3+ 40. Kb2 Rh3 41. Rh6 c5 42. Kc1 c4 43. Kd2 c3+ 44. Ke2 Kc7 45. Rh5 Kd6
1/2-1/2

[Event "Ïåðâåíñòâî Ìîñêâû ïî øàõìàòàì"]
[Site "Ìîñêâà, ÌÃÈÌÎ ïð. Âåðíàäñêîãî,"]
[Date "2018.11.21"]
[Round "5.1"]
[White "Kasaeva, Sofiia"]
[Black "Kirchei, Viktoriia"]
[Result "0-1"]
[WhiteElo "1874"]
[BlackElo "2002"]
[PlyCount "102"]
[EventDate "2018.11.18"]

1. e4 d6 2. d4 Nf6 3. Nc3 Nbd7 4. Nf3 e5 5. Bc4 Be7 6. O-O O-O 7. Re1 a6 8. a4
b6 9. Nd5 Bb7 10. b3 Nxd5 11. Bxd5 c6 12. Bc4 d5 13. exd5 cxd5 14. Bf1 e4 15.
Nd2 Bb4 16. Ba3 Bc3 17. Bxf8 Nxf8 18. Rc1 Qf6 19. Qe2 Ne6 20. Red1 Nxd4 21. Qh5
Qf4 22. g3 Qf6 23. Kg2 e3 24. fxe3 Nf5 25. Bd3 Nxe3+ 26. Kg1 g6 27. Qf3 Qd4 28.
Qf2 Nxd1 29. Rxd1 Qxf2+ 30. Kxf2 Re8 31. Re1 Re6 32. Rxe6 fxe6 33. Nb1 Bd4+ 34.
Ke2 Bg1 35. h3 e5 36. Kf1 Bc5 37. Nc3 e4 38. Be2 Bd4 39. Nb1 Be5 40. g4 Kf7 41.
Nd2 Ke6 42. Kg2 Bf4 43. Nb1 Ke5 44. Kf2 Bc1 45. Bf1 d4 46. Kg3 e3 47. Bc4 Be4
48. Bd3 Bd2 49. Bxa6 Bxc2 50. Na3 d3 51. Nc4+ Kd4 0-1

[Event "Ïåðâåíñòâî Ìîñêâû ïî øàõìàòàì"]
[Site "Ìîñêâà, ÌÃÈÌÎ ïð. Âåðíàäñêîãî,"]
[Date "2018.11.21"]
[Round "5.2"]
[White "Zvereva, Margarita"]
[Black "Vetokhina, Sofia"]
[Result "1-0"]
[WhiteElo "1787"]
[BlackElo "1595"]
[PlyCount "105"]
[EventDate "2018.11.18"]

1. e4 c5 2. Nf3 Nc6 3. d4 cxd4 4. Nxd4 g6 5. Nc3 Bg7 6. Be3 Nf6 7. Bc4 O-O 8.
Bb3 a5 9. O-O a4 10. Nxa4 Nxe4 11. Nb5 d5 12. c3 e6 13. f3 Qa5 14. fxe4 Qxb5
15. exd5 exd5 16. Nb6 d4 17. Nxa8 dxe3 18. Qf3 Bf5 19. Qxe3 Rxa8 20. Rad1 Qe5
21. Qb6 Qb8 22. g4 Be6 23. Bxe6 fxe6 24. Rd7 Ra6 25. Qxb7 Qxb7 26. Rxb7 Ra7 27.
Rxa7 Nxa7 28. a4 Nc6 29. Rc1 Na5 30. b4 Nc4 31. a5 Bh6 32. Ra1 Be3+ 33. Kf1 Nd6
34. Ke2 Ba7 35. Rb1 Nb5 36. Rc1 Kf7 37. c4 Nd4+ 38. Kd3 Ke7 39. b5 Nb3 40. Rb1
Nc5+ 41. Kc2 Kd7 42. b6 Bb8 43. h3 Kc6 44. Rf1 h5 45. g5 Ne4 46. h4 Kb7 47.
Rf7+ Ka6 48. Rg7 Kxa5 49. Rxg6 Nc5 50. Rh6 Kxb6 51. g6 Be5 52. Rxh5 Bf6 53. Rh7
1-0

[Event "Ïåðâåíñòâî Ìîñêâû ïî øàõìàòàì"]
[Site "Ìîñêâà, ÌÃÈÌÎ ïð. Âåðíàäñêîãî,"]
[Date "2018.11.21"]
[Round "5.3"]
[White "Shevtsova, Stefania"]
[Black "Mikhailina, Elena"]
[Result "0-1"]
[WhiteElo "1501"]
[BlackElo "1736"]
[PlyCount "106"]
[EventDate "2018.11.18"]

1. e4 c5 2. c3 Nf6 3. e5 Nd5 4. Nf3 Nc6 5. Bc4 Nb6 6. Bb3 d5 7. exd6 Qxd6 8.
Na3 a6 9. O-O e6 10. d4 cxd4 11. Nxd4 Nxd4 12. cxd4 Be7 13. Be3 Bd7 14. Qd3 Bc6
15. Rfd1 Bf6 16. Rac1 Qd7 17. Bf4 O-O 18. Be5 Bxe5 19. dxe5 Qxd3 20. Rxd3 Rfd8
21. Rcd1 Rxd3 22. Rxd3 Nd7 23. Re3 Rc8 24. f4 b5 25. Kf2 Nc5 26. Bc2 Bd5 27. b4
Nd7 28. Bb3 Nb6 29. Rd3 Kf8 30. g3 Ke7 31. Ke1 Bxb3 32. Rxb3 Nd5 33. Kd2 f6 34.
Nb1 fxe5 35. fxe5 Rc4 36. Nc3 Rd4+ 37. Ke2 Nxb4 38. Ke3 Rc4 39. a3 Rxc3+ 40.
Rxc3 Nd5+ 41. Kd3 Nxc3 42. Kxc3 Kd7 43. Kb4 Kc6 44. Ka5 Kb7 45. h3 h5 46. h4 g6
47. Kb4 Kb6 48. Kc3 Kc5 49. Kb3 a5 50. Kc3 Kd5 51. Kd3 Kxe5 52. Ke3 Kf5 53. Kf3
b4 0-1

[Event "Ïåðâåíñòâî Ìîñêâû ïî øàõìàòàì"]
[Site "Ìîñêâà, ÌÃÈÌÎ ïð. Âåðíàäñêîãî,"]
[Date "2018.11.21"]
[Round "5.4"]
[White "Krupnova, Anna"]
[Black "Lobanova, Milana"]
[Result "0-1"]
[WhiteElo "1759"]
[BlackElo "1461"]
[PlyCount "120"]
[EventDate "2018.11.18"]

1. d4 d5 2. c4 e6 3. Nc3 c6 4. Nf3 f5 5. Bf4 Nf6 6. e3 Bd6 7. Bd3 O-O 8. Ne5 b6
9. Qc2 Ne4 10. g4 g5 11. Bg3 Bxe5 12. Bxe5 Nd7 13. Bg3 Ndf6 14. gxf5 exf5 15.
O-O-O Be6 16. Rdg1 dxc4 17. Be2 Nxc3 18. bxc3 Kf7 19. Be5 Rg8 20. Bf3 Qd7 21.
Re1 Bd5 22. e4 Bxe4 23. Bxe4 Nxe4 24. f3 Nf6 25. Qe2 b5 26. h4 g4 27. fxg4 Nxg4
28. Rhf1 Kg6 29. h5+ Kxh5 30. Rh1+ Kg6 31. Qd2 h5 32. Qf4 Qh7 33. Reg1 Qh6 34.
Qxh6+ Kxh6 35. Bf4+ Kg6 36. Kd2 Rae8 37. a4 Re4 38. Bd6 a5 39. Bc7 Rg7 40. Bxa5
Ra7 41. Bb4 Rxa4 42. Kc2 Ra2+ 43. Kb1 Rae2 44. Kc1 Kg5 45. Kd1 h4 46. Bd6 Ra2
47. Bc7 Ra1+ 48. Kd2 Rxg1 49. Rxg1 f4 50. Bd8+ Kf5 51. Bxh4 f3 52. Rf1 Re2+ 53.
Kc1 Ke4 54. Bg3 f2 55. Kd1 Kd3 56. Bf4 Ne3+ 57. Bxe3 Kxe3 58. Rh1 Re1+ 59.
Rxe1+ fxe1=Q+ 60. Kxe1 Kd3 0-1

[Event "Ïåðâåíñòâî Ìîñêâû ïî øàõìàòàì"]
[Site "Ìîñêâà, ÌÃÈÌÎ ïð. Âåðíàäñêîãî,"]
[Date "2018.11.21"]
[Round "5.5"]
[White "Gaer, Margarita"]
[Black "Parsegyan, Kseniya"]
[Result "1-0"]
[WhiteElo "1672"]
[BlackElo "1533"]
[PlyCount "67"]
[EventDate "2018.11.18"]

1. d4 f5 2. Nf3 Nf6 3. Bf4 d5 4. e3 e6 5. Bd3 Ne4 6. c4 Nd7 7. Nc3 c6 8. O-O
Ndf6 9. h3 Bd6 10. Bxd6 Nxd6 11. Ne5 O-O 12. Qe2 Bd7 13. b4 Be8 14. b5 Bh5 15.
Qc2 Rc8 16. bxc6 bxc6 17. c5 Nde4 18. Ba6 Rc7 19. Nxe4 dxe4 20. Qa4 g5 21. Nxc6
Qd7 22. Bb5 f4 23. Ne5 Qg7 24. Qb3 Nd5 25. Bc4 Rb7 26. Qc2 Bf3 27. gxf3 g4 28.
fxg4 h5 29. Qxe4 hxg4 30. Qg6 gxh3 31. Kh2 Qxg6 32. Nxg6 Rf6 33. Bxd5 exd5 34.
Nxf4 1-0

[Event "Ïåðâåíñòâî Ìîñêâû ïî øàõìàòàì"]
[Site "Ìîñêâà, ÌÃÈÌÎ ïð. Âåðíàäñêîãî,"]
[Date "2018.11.21"]
[Round "5.6"]
[White "Platuschikhina, Darya"]
[Black "Ochirova, Anita"]
[Result "0-1"]
[WhiteElo "1226"]
[BlackElo "1554"]
[PlyCount "114"]
[EventDate "2018.11.18"]

1. e4 c6 2. d4 d5 3. Nc3 dxe4 4. Nxe4 h6 5. Bc4 Bf5 6. Ng3 Bh7 7. Nf3 e6 8. O-O
Nf6 9. Bf4 Bd6 10. Ne5 O-O 11. Qe2 Bxe5 12. Bxe5 Nbd7 13. Rad1 Re8 14. c3 Qb6
15. Bd3 Bxd3 16. Rxd3 Nd5 17. c4 Nxe5 18. Qxe5 Nf6 19. Nh5 Nxh5 20. Qxh5 Qxb2
21. Rfd1 Re7 22. Qc5 Rd7 23. R3d2 Qc3 24. Rd3 Qc2 25. R3d2 Qg6 26. Rd3 Qf6 27.
d5 exd5 28. cxd5 cxd5 29. Rxd5 Rxd5 30. Qxd5 Qa6 31. Qd7 Qe2 32. Qd2 Qxd2 33.
Rxd2 Rc8 34. Kf1 Rc7 35. Rd8+ Kh7 36. g3 Kg6 37. Kg2 Kf6 38. Kf3 Ke7 39. Rd3 b5
40. Rb3 Rc5 41. Ra3 Rc7 42. Rb3 a6 43. Ra3 Rc6 44. Ke4 Ke6 45. f4 g6 46. h4 h5
47. Kf3 Kd5 48. Re3 Kd4 49. Re4+ Kc3 50. Re2 a5 51. Re5 Kb4 52. Re2 Ka3 53. Re5
Rb6 54. Re2 b4 55. Kf2 a4 56. Rd2 b3 57. axb3 axb3 0-1